000 00800nam a22002177a 4500
003 OSt
005 20260312000335.0
008 260311b |||||||| |||| 00| 0 eng d
020 _a978-0-448-08923-2
040 _aDWCL GS lib
_cOC
082 _aD621m 2008
100 _aDixon Franklin W.
245 _aThe Melted Coins
_cFranklin W. Dixon
260 _aCanada
_bFranklin W. Dixon
_c1944
300 _a180 p.
_billustrations
_c19cm
520 _aFrank and Joe Hardy investigate a counterfeit ring stealing rare coins to melt down into face-value currency.
650 _a the physical life cycle of currency and a Hardy Boys mystery novel.
650 _aprimarily revolves around themes of justice, friendship, and vigilance against fraud.
700 _aFranklin W. Dixon
942 _2ddc
_cFIC.
_n0
999 _c8967
_d8967